000 00895nam a2200265 a 4500
005 20191224041738.0
008 140115s2003 ck a gr|||| 000 0 spa d
020 _a9586557251
040 _aCO-BoIAVH
_cCO-BoIAVH
041 0 _aspa
044 _ack
090 _aEA
_b00043
110 2 _bComunidades indígenas Amazónicas
245 1 0 _aSelva cuenta :
_bpueblos y relatos /
_cCompilación de Juan Carlos Orrego
250 _aPrimera edición
260 _aMedellín :
_bUniversidad de Antioquia :
_bColciencias :
_bComunidades indígenas Amazónicas,
_c2003.
300 _a78 páginas :
_bIlustraciones ;
_c28 x 22 cm.
650 6 _aComunidades indígenas
650 6 _aNiños y medio ambiente
662 _aColombia
_bAmazonas
700 1 _aOrrego, Juan Carlos
710 2 _aUniversidad de Antioquia
710 2 _aColciencias
942 _cLIBRO
_2z
999 _c4482
_d4482